[Event "2nd Thailand Pattaya Open 2019"]
[Site "Pattaya"]
[Date "2019.10.25"]
[Round "4.3"]
[White "Saptarshi, Roy"]
[Black "Yaniuk, Volodymyr"]
[Result "0-1"]
[WhiteElo "2456"]
[BlackElo "2189"]
[Annotator "ChessBase"]
[PlyCount "178"]
[EventDate "2019.10.23"]
[EventType "swiss"]
[EventCountry "THA"]
[SourceTitle "playchess.com"]
[Source "ChessBase"]
[SourceQuality "1"]
[TimeControl "5400+30"]

1. e4 {[%emt 0:02:42]} e5 {[%emt 0:00:00]} 2. Nf3 {[%emt 0:00:05]} Nc6 {[%emt 0:00:00]} 3. Bb5 {[%emt 0:00:07]} a6 {[%emt 0:00:00]} 4. Ba4 {[%emt 0:00:05]} Nf6 {[%emt 0:00:00]} 5. O-O {[%emt 0:00:07]} Be7 {[%emt 0:00:04]} 6. Re1 {[%emt 0:00:06]} b5 {[%emt 0:00:05]} 7. Bb3 {[%emt 0:00:04]} d6 {[%emt 0:00:16]} 8. c3 {[%emt 0:00:04]} O-O {[%emt 0:00:09]} 9. d4 {[%emt 0:00:04]} Bg4 {[%emt 0:00:06]} 10. d5 {[%emt 0:00:06]} Na5 {[%emt 0:00:07]} 11. Bc2 {[%emt 0:00:07]} Qc8 {[%emt 0:00:03]} 12. Nbd2 {[%emt 0:00:31]} c6 {[%emt 0:00:27]} 13. dxc6 {[%emt 0:00:59]} Qxc6 {[%emt 0:00:27]} 14. h3 {[%emt 0:00:06]} Be6 {[%emt 0:00:23]} 15. Nf1 {[%emt 0:00:28]} Rfc8 {[%emt 0:01:15]} 16. Ng5 {[%emt 0:03:02]} Bd7 {[%emt 0:00:27]} 17. Ne3 {[%emt 0:01:37]} g6 {[%emt 0:07:48]} 18. Qf3 {[%emt 0:04:08]} Rf8 {[%emt 0:05:20]} 19. Nd5 {[%emt 0:04:49]} Nxd5 {[%emt 0:02:17]} 20. exd5 {[%emt 0:00:06]} Qc8 {[%emt 0:01:29]} 21. Nxh7 {[%emt 0:10:51]} Kxh7 {[%emt 0:00:35]} 22. Qh5+ {[%emt 0:00:06]} Kg8 {[%emt 0:00:08]} 23. Bxg6 {[%emt 0:00:07]} fxg6 {[%emt 0:00:18]} 24. Qxg6+ {[%emt 0:00:07]} Kh8 {[%emt 0:00:12]} 25. Qh5+ {[%emt 0:00:22]} Kg8 {[%emt 0:01:16]} 26. Re3 {[%emt 0:04:14]} Rf4 {[%emt 0:16:12]} 27. Qg6+ {[%emt 0:13:08]} Kh8 {[%emt 0:00:37]} 28. Qh6+ {[%emt 0:00:20]} Kg8 {[%emt 0:00:23]} 29. Rg3+ {[%emt 0:00:17]} Rg4 {[%emt 0:00:50]} 30. hxg4 {[%emt 0:00:10]} Qf8 {[%emt 0:02:33]} 31. g5 {[%emt 0:01:40]} Qg7 {[%emt 0:04:28]} 32. g6 {[%emt 0:13:37]} Qxh6 33. Bxh6 {[%emt 0:00:17]} Nc4 {[%emt 0:08:45]} 34. b3 {[%emt 0:01:30]} Nb6 {[%emt 0:00:07]} 35. Rd1 {[%emt 0:08:31]} Bh4 {[%emt 0:09:27]} 36. Re3 {[%emt 0:00:25]} Bf5 {[%emt 0:07:14]} 37. f4 {[%emt 0:00:35]} Nd7 {[%emt 0:01:30]} 38. Rf1 {[%emt 0:02:54]} e4 {[%emt 0:10:37]} 39. g4 {[%emt 0:08:45]} Bxg4 {[%emt 0:00:44]} 40. Rxe4 {[%emt 0:01:17]} Bf5 {[%emt 0:02:50]} 41. Re3 {[%emt 0:00:16]} Bf6 {[%emt 0:03:04]} 42. Kh2 {[%emt 0:04:22]} Rc8 {[%emt 0:01:38]} 43. Rg1 {[%emt 0:06:03]} Nf8 {[%emt 0:07:22]} 44. g7 {[%emt 0:05:59]} Nd7 {[%emt 0:03:41]} 45. Bg5 {[%emt 0:00:57]} Kxg7 {[%emt 0:01:01]} 46. Rgg3 {[%emt 0:02:14]} Kf7 {[%emt 0:00:17]} 47. Re2 {[%emt 0:01:21]} Rc5 {[%emt 0:00:59]} 48. Bxf6 {[%emt 0:00:22]} Nxf6 {[%emt 0:00:55]} 49. Rg5 {[%emt 0:01:36]} Rxd5 {[%emt 0:01:20]} 50. a3 {[%emt 0:02:20]} Nh7 {[%emt 0:00:53]} 51. Rh5 {[%emt 0:00:42]} Kg6 {[%emt 0:00:58]} 52. Rh4 {[%emt 0:00:01]} Rd3 {[%emt 0:01:07]} 53. Rg2+ {[%emt 0:00:14]} Kf7 {[%emt 0:00:48]} 54. Rg3 {[%emt 0:00:21]} Rd2+ {[%emt 0:00:21]} 55. Rg2 {[%emt 0:00:02]} Rd3 {[%emt 0:00:41]} 56. Rg3 {[%emt 0:00:02]} Rd1 {[%emt 0:00:57]} 57. Rg1 {[%emt 0:00:04]} Rd5 {[%emt 0:00:35]} 58. Rh5 {[%emt 0:00:27]} Nf6 {[%emt 0:00:53]} 59. Rhg5 {[%emt 0:00:01]} Rd2+ {[%emt 0:00:44]} 60. R1g2 {[%emt 0:00:12]} Rxg2+ {[%emt 0:00:30]} 61. Rxg2 {[%emt 0:00:30]} Be6 {[%emt 0:00:00]} 62. Rd2 {[%emt 0:00:39]} Ke7 {[%emt 0:00:14]} 63. b4 {[%emt 0:00:34]} Ne4 {[%emt 0:00:40]} 64. Rd3 {[%emt 0:00:12]} Kf6 {[%emt 0:00:31]} 65. Kg2 {[%emt 0:00:15]} Bc4 {[%emt 0:00:22]} 66. Re3 {[%emt 0:00:58]} Kf5 {[%emt 0:00:20]} 67. Rf3 {[%emt 0:02:20]} Nd2 {[%emt 0:00:57]} 68. Rf2 {[%emt 0:00:11]} Bd5+ {[%emt 0:00:34]} 69. Kh2 {[%emt 0:00:31]} Ne4 {[%emt 0:00:36]} 70. Rf3 {[%emt 0:00:02]} Kg4 {[%emt 0:00:27]} 71. Rh3 {[%emt 0:01:11]} Kxf4 {[%emt 0:00:22]} 72. Kg1 {[%emt 0:00:05]} Bc4 {[%emt 0:00:31]} 73. Kg2 {[%emt 0:00:05]} Be2 {[%emt 0:01:06]} 74. Kg1 {[%emt 0:00:15]} Bf3 {[%emt 0:00:29]} 75. Rh6 {[%emt 0:01:06]} Ke3 {[%emt 0:00:17]} 76. Rh7 {[%emt 0:00:33]} Nxc3 {[%emt 0:00:36]} 77. Ra7 {[%emt 0:00:02]} d5 {[%emt 0:00:30]} 78. Rxa6 {[%emt 0:00:24]} Bd1 {[%emt 0:00:45]} 79. Re6+ {[%emt 0:00:38]} Ne4 {[%emt 0:00:09]} 80. Re5 {[%emt 0:00:23]} Bb3 {[%emt 0:00:21]} 81. Rh5 {[%emt 0:00:11]} Bc4 {[%emt 0:00:36]} 82. Rh3+ {[%emt 0:01:07]} Kd2 {[%emt 0:00:12]} 83. Kg2 {[%emt 0:00:23]} d4 {[%emt 0:00:42]} 84. Rh4 {[%emt 0:00:02]} Kc3 {[%emt 0:00:15]} 85. Kf3 {[%emt 0:00:25]} Nd2+ {[%emt 0:00:21]} 86. Kf4 {[%emt 0:01:01]} Nb1 {[%emt 0:00:47]} 87. Ke5 {[%emt 0:00:23]} d3 {[%emt 0:00:14]} 88. Kd6 {[%emt 0:01:53]} Nxa3 {[%emt 0:00:17]} 89. Kc5 {[%emt 0:00:01]} d2 {[%emt 0:03:06] Kd4+} 0-1

[Event "2nd Thailand Pattaya Open 2019"]
[Site "Pattaya"]
[Date "2019.10.25"]
[Round "4.4"]
[White "Arunnuntapanich, Tinnakrit"]
[Black "Gomez, John Paul"]
[Result "0-1"]
[WhiteElo "2025"]
[BlackElo "2433"]
[Annotator "ChessBase"]
[PlyCount "56"]
[EventDate "2019.10.23"]
[EventType "swiss"]
[EventCountry "THA"]
[SourceTitle "playchess.com"]
[Source "ChessBase"]
[SourceQuality "1"]
[TimeControl "5400+30"]

1. e4 {[%emt 0:00:00]} e6 {[%emt 0:02:16]} 2. d4 {[%emt 0:00:00]} d5 {[%emt 0:00:09]} 3. exd5 {[%emt 0:00:00]} exd5 {[%emt 0:00:05]} 4. Bd3 {[%emt 0:00:00]} Nc6 {[%emt 0:00:07]} 5. c3 {[%emt 0:00:00]} Bd6 {[%emt 0:00:06]} 6. Qf3 {[%emt 0:00:12]} Nge7 {[%emt 0:00:28]} 7. Bf4 {[%emt 0:00:55]} Bxf4 {[%emt 0:01:33]} 8. Qxf4 {[%emt 0:00:01]} Be6 {[%emt 0:00:11]} 9. Ne2 {[%emt 0:01:03]} Qd7 {[%emt 0:00:10]} 10. Nd2 {[%emt 0:00:59]} f6 {[%emt 0:01:26]} 11. Nb3 {[%emt 0:04:04]} b6 {[%emt 0:00:09]} 12. Ng3 {[%emt 0:00:36]} O-O {[%emt 0:01:55]} 13. O-O {[%emt 0:00:14]} Ng6 {[%emt 0:05:23]} 14. Qd2 {[%emt 0:01:30]} Nh4 {[%emt 0:00:19]} 15. Rae1 {[%emt 0:01:21]} Bh3 {[%emt 0:00:27]} 16. Qc2 {[%emt 0:14:58]} Nxg2 {[%emt 0:06:54]} 17. Bxh7+ {[%emt 0:00:47]} Kh8 {[%emt 0:00:07]} 18. Bg6 {[%emt 0:28:06]} Nh4 {[%emt 0:05:38]} 19. Bh5 {[%emt 0:05:32]} Bxf1 {[%emt 0:02:06]} 20. Rxf1 {[%emt 0:00:03]} g6 {[%emt 0:02:02]} 21. Bxg6 {[%emt 0:09:24]} f5 {[%emt 0:05:21]} 22. Bh5 {[%emt 0:03:02]} f4 {[%emt 0:01:43]} 23. f3 {[%emt 0:00:33]} fxg3 {[%emt 0:00:58]} 24. hxg3 {[%emt 0:00:01]} Qf5 {[%emt 0:00:17]} 25. Qxf5 {[%emt 0:00:19]} Nxf5 {[%emt 0:00:09]} 26. Kf2 {[%emt 0:00:09]} Kg7 {[%emt 0:00:41]} 27. g4 {[%emt 0:00:49]} Nd6 {[%emt 0:00:20]} 28. Kg3 {[%emt 0:00:26]} Ne4+ {[%emt 0:00:19]} 0-1

[Event "2nd Thailand Pattaya Open 2019"]
[Site "Pattaya"]
[Date "2019.10.25"]
[Round "4.5"]
[White "Kananub, Warot"]
[Black "Schebler, Gerhard"]
[Result "0-1"]
[WhiteElo "2206"]
[BlackElo "2398"]
[Annotator "NA"]
[PlyCount "105"]
[EventDate "2019.10.23"]
[EventType "swiss"]
[EventCountry "THA"]
[SourceTitle "playchess.com"]
[Source "ChessBase"]
[SourceQuality "1"]
[TimeControl "5400+30"]

1. d4 {[%emt 0:00:00]} e6 {[%emt 0:03:12]} 2. c4 {[%emt 0:00:13]} Bb4+ {[%emt 0:00:12]} 3. Bd2 {[%emt 0:00:06]} Bxd2+ {[%emt 0:02:42]} 4. Qxd2 {[%emt 0:01:14]} Nf6 {[%emt 0:00:09]} 5. Nc3 {[%emt 0:00:04]} d5 {[%emt 0:00:04]} 6. e3 {[%emt 0:00:25]} O-O {[%emt 0:00:07]} 7. Nf3 {[%emt 0:00:02]} Nbd7 {[%emt 0:00:34]} 8. cxd5 {[%emt 0:06:33]} exd5 {[%emt 0:00:07]} 9. Bd3 {[%emt 0:00:06]} Qe7 {[%emt 0:01:00]} 10. O-O {[%emt 0:00:17]} c6 {[%emt 0:00:10]} 11. Qc2 {[%emt 0:00:35]} Re8 {[%emt 0:00:17]} 12. Rab1 {[%emt 0:00:27] D36: Queen's Gambit Declined: Exchange Variation: Main line (5 Bg5 c6 6 Qc2)} a5 {[%emt 0:05:49]} (12... Ne4 13. b4 Ndf6 14. Bxe4 Nxe4 15. Nxe4 dxe4 16. Nd2 Qg5 17. Qc5 Qg6 18. Rfc1 Bh3 19. g3 a6 {1-0 (50) Riazantsev,A (2651)-Khairullin,I (2630) Sochi 2016}) 13. Na4 {[%emt 0:06:29]} Qd6 $146 {[%emt 0:06:53]} ({Predecessor:} 13... Ne4 14. Rfe1 Rb8 15. Nc5 Ndxc5 16. dxc5 Bf5 17. Nd4 Bg6 18. b4 axb4 19. Rxb4 Ra8 {1-0 (58) Hoensch,I-Gresser,G Emmen 1957}) 14. Rfc1 {[%emt 0:10:59]} Ne4 {[%emt 0:04:53]} 15. Bxe4 Rxe4 {[%emt 0:00:24]} 16. Nc3 {[%emt 0:11:44]} Re8 {[%emt 0:02:22]} 17. Ne2 {[%emt 0:10:18]} Nf6 {[%emt 0:08:30]} 18. Ng3 {[%emt 0:09:41]} Ne4 {[%emt 1:01:35]} 19. Ne5 Nxg3 {[%emt 0:00:30]} 20. hxg3 Qf6 {[%emt 0:00:00]} 21. Qe2 {[%emt 0:21:26]} Bf5 {[%emt 0:00:00]} 22. Ra1 {[%emt 0:00:01]} Qe7 {[%emt 0:00:00]} 23. Qd2 {[%emt 0:02:24]} Qd6 $11 {[%emt 0:00:00]} 24. Qc3 {[%emt 0:05:53]} Be4 {[%emt 0:00:00]} 25. Qb3 {[%emt 0:01:36]} Re7 {[%emt 0:00:00]} 26. Qc3 {[%emt 0:01:47]} h5 {[%emt 0:00:00]} 27. Qc5 {[%emt 0:01:41]} Qc7 {[%emt 0:00:00]} 28. b3 {[%emt 0:01:12]} Rae8 {[%emt 0:00:00]} 29. Rc3 {[%emt 0:01:34]} Re6 {[%emt 0:00:00]} 30. Rac1 {[%emt 0:02:23]} f6 {[%emt 0:00:00]} 31. Nd3 {[%emt 0:02:12]} g5 {[%emt 0:00:24]} 32. Qa3 {[%emt 0:00:21]} Bxd3 {[%emt 0:00:46]} 33. Rxd3 {[%emt 0:00:01]} h4 {[%emt 0:02:44]} 34. gxh4 {[%emt 0:00:10]} Qh7 {[%emt 0:00:07]} 35. Rcd1 {[%emt 0:02:23]} Qxh4 {[%emt 0:00:22]} 36. Qxa5 {[%emt 0:01:48]} R6e7 {[%emt 0:00:04]} 37. Qe1 {[%emt 0:00:03]} g4 {[%emt 0:01:36]} 38. g3 {[%emt 0:00:01]} Qh7 {[%emt 0:01:51]} 39. Qf1 {[%emt 0:00:17]} Qf5 {[%emt 0:00:08]} 40. Qg2 {[%emt 0:02:19]} Rh7 {[%emt 0:00:06]} 41. e4 {[%emt 0:00:47]} Rxe4 {[%emt 0:00:52]} 42. Re3 {[%emt 0:00:47]} Rxe3 {[%emt 0:00:55]} 43. fxe3 {[%emt 0:00:00]} Qe6 {[%emt 0:00:28]} 44. Re1 {[%emt 0:00:35]} f5 {[%emt 0:00:29]} 45. Kf2 {[%emt 0:00:55]} Rh3 {[%emt 0:00:20]} 46. Rh1 {[%emt 0:00:19]} Qh6 {[%emt 0:00:06]} 47. Rxh3 {[%emt 0:00:34]} gxh3 {[%emt 0:00:05]} 48. Qf1 {[%emt 0:00:41]} Kg7 {[%emt 0:02:11]} 49. Qe1 {[%emt 0:00:05]} h2 {[%emt 0:00:23]} 50. Kg2 {[%emt 0:00:05]} h1=Q+ {[%emt 0:00:21]} 51. Qxh1 {[%emt 0:00:01]} Qxe3 {[%emt 0:00:09]} 52. Qg1 {[%emt 0:00:24]} Qe4+ {[%emt 0:00:14]} 53. Kh2 {[%emt 0:01:40]} 0-1

[Event "2nd Thailand Pattaya Open 2019"]
[Site "Pattaya"]
[Date "2019.10.25"]
[Round "4.6"]
[White "Kyaw Lay Htaik"]
[Black "Kulpruethanon, Thanadon"]
[Result "0-1"]
[WhiteElo "2343"]
[BlackElo "2216"]
[Annotator "NA"]
[PlyCount "94"]
[EventDate "2019.10.23"]
[EventType "swiss"]
[EventCountry "THA"]
[SourceTitle "playchess.com"]
[Source "ChessBase"]
[SourceQuality "1"]
[TimeControl "5400+30"]

1. d4 {[%emt 0:00:00]} Nf6 {[%emt 0:00:00]} 2. Nf3 {[%emt 0:00:08]} d5 {[%emt 0:00:00]} 3. Bf4 {[%emt 0:01:22]} c5 {[%emt 0:00:03]} 4. e3 {[%emt 0:00:11]} Nc6 {[%emt 0:00:08]} 5. c3 {[%emt 0:01:45]} Qb6 {[%emt 0:00:11]} 6. Qc2 {[%emt 0:00:55]} g6 {[%emt 0:00:39] D02: 1 d4 d5 2 Nf3 sidelines, including 2...Nf6 3 g3 and 2...Nf6 3 Bf4} 7. Nbd2 {[%emt 0:00:32]} Bg7 {[%emt 0:00:28]} 8. h3 {[%emt 0:03:18]} O-O {[%emt 0:01:17]} 9. Be2 {[%emt 0:00:28]} Nd7 {[%emt 0:02:03]} 10. O-O {[%emt 0:02:45]} e5 {[%emt 0:02:08]} 11. dxe5 {[%emt 0:00:39]} Ndxe5 {[%emt 1:28:33]} 12. Rfd1 (12. Nxe5 Nxe5 13. e4 dxe4 14. Nxe4 {½-½ (23) Laznicka,V (2668)-Nisipeanu,L (2674) Germany 2019}) 12... Rd8 13. Bg5 $146 ({Predecessor:} 13. Nxe5 Nxe5 14. Nf3 Nxf3+ 15. Bxf3 Be6 16. Rd2 {½-½ (16) Wang,T (2276)-Hong,A (2327) Charlotte 2018}) 13... Re8 14. Nxe5 Nxe5 {[%emt 0:00:00]} 15. Nf3 {[%emt 0:03:14]} Nc6 {[%emt 0:02:00]} 16. Nd2 {[%emt 1:22:43]} Ne5 {[%emt 0:00:30]} 17. Nf3 Be6 18. Bf4 Nc6 19. Ng5 Bf5 20. Qb3 Qxb3 21. axb3 h6 22. Nf3 d4 {[%emt 0:00:00]} 23. Rac1 {[%emt 0:00:00]} g5 {[%emt 0:00:00]} 24. Bd6 {[%emt 0:00:00]} dxc3 {[%emt 0:00:00]} 25. bxc3 {[%emt 0:00:00]} Na5 {[%emt 0:00:00]} 26. Bb5 {[%emt 0:00:00]} Nxb3 {[%emt 0:00:00]} 27. Bxe8 Rxe8 {[%emt 0:00:00]} 28. Ra1 {[%emt 0:00:00]} Nxa1 {[%emt 0:00:00]} 29. Rxa1 {[%emt 0:00:00]} a6 {[%emt 0:00:00]} 30. Ra3 {[%emt 0:00:00]} Rc8 {[%emt 0:07:00]} 31. Be5 {[%emt 0:07:30]} f6 {[%emt 0:00:30]} 32. Bg3 {[%emt 0:00:00]} Rd8 {[%emt 0:00:30]} 33. Bc7 $19 {[%emt 0:00:00]} (33. Kf1 {might work better.}) 33... Rd7 {[%emt 0:00:00]} 34. Bb8 {[%emt 0:01:30]} Rd1+ {[%emt 0:00:00]} 35. Kh2 {[%emt 0:00:00]} Be4 36. Ng1 {[%emt 0:00:00]} f5 37. Ne2 {[%emt 0:01:30]} Rd2 {[%emt 0:00:00]} 38. Ng3 {[%emt 0:00:30]} Rxf2 {[%emt 0:00:00]} 39. Nxe4 {[%emt 0:00:00]} fxe4 {[%emt 0:00:00]} 40. c4 {[%emt 0:00:00]} Rc2 41. Rb3 {[%emt 0:01:30]} Rb2 {[%emt 0:00:00]} 42. Ra3 {[%emt 0:00:00]} Rb4 43. Ra2 {[%emt 0:01:00]} Rxc4 {[%emt 0:00:00]} 44. Rd2 {[%emt 0:00:30]} Bc3 {[%emt 0:06:30]} 45. Rd8+ {[%emt 0:00:30]} Kf7 {[%emt 0:00:30]} 46. Rd7+ {[%emt 0:00:30]} Ke6 {[%emt 0:00:00]} 47. Rxb7 {[%emt 0:00:00]} Rb4 0-1

[Event "2nd Thailand Pattaya Open 2019"]
[Site "Pattaya"]
[Date "2019.10.26"]
[Round "5.1"]
[White "Villamayor, Buenaventura"]
[Black "Pascua, Haridas"]
[Result "*"]
[WhiteElo "2371"]
[BlackElo "2425"]
[Annotator "TA"]
[PlyCount "33"]
[EventDate "2019.10.23"]
[EventType "swiss"]
[EventCountry "THA"]
[SourceTitle "playchess.com"]
[Source "ChessBase"]
[SourceQuality "1"]

{[%evp 16,22,5,13,17,-3,52,30,39]} 1. d4 Nf6 2. Nf3 g6 3. c4 Bg7 4. Nc3 d5 5. cxd5 Nxd5 6. Bd2 O-O 7. e4 Nb6 8. Be3 Bg4 9. Be2 Bxf3 {D90: Grünfeld: 4 Nf3 Bg7 sidelines} (9... Nc6 10. d5 Bxf3 11. gxf3 Ne5 12. Qb3 c5 13. f4 c4 14. Qc2 Nd3+ 15. Bxd3 cxd3 16. Qxd3 Rc8 17. Bd4 Bxd4 18. Qxd4 Nc4 19. b3 Nd6 20. O-O {½-½ (39) So,W (2812)-Topalov,V (2749) Paris 2017}) 10. gxf3 e5 (10... e6 $11) 11. dxe5 Bxe5 {Predecessor:} 12. f4 $146 Bg7 13. a4 Qxd1+ 14. Kxd1 a5 15. Kc2 Na6 16. Rhd1 Rfe8 17. e5 {1-0 (51) Ikonnikov,V (2553)-Tomazini,A (2304) Graz 2011} *

[Event "2nd Thailand Pattaya Open 2019"]
[Site "Pattaya"]
[Date "2019.10.26"]
[Round "5.1"]
[White "Villamayor, Buenaventura"]
[Black "Pascua, Haridas"]
[Result "1-0"]
[WhiteElo "2371"]
[BlackElo "2425"]
[Annotator "TA"]
[PlyCount "65"]
[EventDate "2019.10.23"]
[EventType "swiss"]
[EventCountry "THA"]
[SourceTitle "playchess.com"]
[Source "ChessBase"]
[SourceQuality "1"]

{[%evp 16,65,7,8,0,-22,47,37,34,4,30,23,24,-40,0,0,10,-53,-47,-45,-54,-68,-8,-7,-6,0,-7,-8,0,0,0,0,18,12,13,20,14,22,12,-30,421,424,418,427,420,417,587,298,330,335,1091,1039]} 1. d4 Nf6 2. Nf3 g6 3. c4 Bg7 4. Nc3 d5 5. cxd5 Nxd5 6. Bd2 O-O 7. e4 Nb6 8. Be3 Bg4 9. Be2 Bxf3 {D90: Grünfeld: 4 Nf3 Bg7 sidelines} (9... Nc6 10. d5 Bxf3 11. gxf3 Ne5 12. Qb3 c5 13. f4 c4 14. Qc2 Nd3+ 15. Bxd3 cxd3 16. Qxd3 Rc8 17. Bd4 Bxd4 18. Qxd4 Nc4 19. b3 Nd6 20. O-O {½-½ (39) So,W (2812)-Topalov,V (2749) Paris 2017}) 10. gxf3 e5 (10... e6 $11) 11. dxe5 Bxe5 {White is slightly better.} 12. f4 Bg7 (12... Bxc3+ $5 13. bxc3 Qe7 $11) 13. h4 $146 ({Predecessor:} 13. a4 Qxd1+ 14. Kxd1 a5 15. Kc2 Na6 16. Rhd1 Rfe8 17. e5 {1-0 (51) Ikonnikov,V (2553)-Tomazini,A (2304) Graz 2011}) 13... Nc6 14. Bc5 ({White should try} 14. e5 $11) 14... Re8 {Hoping for ...Bxc3+.} (14... Bxc3+ $5 15. bxc3 Re8 16. Qxd8 Raxd8 17. Bxb6 axb6 $15) 15. e5 h5 16. Ne4 (16. Qd3 $11) 16... Qc8 $1 $15 {[%cal Rc8f5] Threatens to win with ...Qf5.} 17. Qc2 Nd5 $1 {[%cal Rd5f4]} 18. Be3 $1 Qf5 ({Black should play} 18... Ncb4 $15 19. Qc4 Qf5) 19. Nf6+ $1 $11 Bxf6 20. Qxf5 gxf5 21. exf6 Nxf6 22. Rg1+ Ng4 23. O-O-O Kh7 24. Rd7 Re7 25. Rd5 $36 {[%mdl 2048] Black is under pressure.} Kg6 $1 26. Bd3 Rd8 27. Bxf5+ Kh6 $2 {[%mdl 8192]} (27... Kf6 $11 28. Rxd8 Nxe3 29. fxe3 Nxd8) 28. Rxd8 $18 Nxd8 {[#]} 29. Bc5 $1 {[%cal Rc5e7]} Re8 {[#]} 30. f3 $1 Nh2 (30... Ne3 $142) 31. Bd7 Rh8 {Now ...Nc6 and Black clings on.} 32. Bd4 ({Not} 32. Bxa7 b6 $14) 32... Rh7 $2 (32... Nxf3 33. Bg7+ (33. Bxh8 Nxg1 34. Kd2 Ne6 $16) 33... Kh7 34. Bf5+ Kg8) 33. f5 {Accuracy: White = 43%, Black = 37%.} 1-0

[Event "2nd Thailand Pattaya Open 2019"]
[Site "Pattaya"]
[Date "2019.10.26"]
[Round "5.2"]
[White "Gomez, John Paul"]
[Black "Grafil, Franz Robert"]
[Result "1-0"]
[WhiteElo "2433"]
[BlackElo "2231"]
[Annotator "TA"]
[PlyCount "109"]
[EventDate "2019.10.23"]
[EventType "swiss"]
[EventCountry "THA"]
[SourceTitle "playchess.com"]
[Source "ChessBase"]
[SourceQuality "1"]

{[%evp 10,109,63,58,58,58,59,63,60,47,40,13,30,15,8,26,20,23,39,0,54,37,53,22,62,30,26,26,46,30,23,26,24,3,17,13,67,66,65,60,83,83,83,83,83,24,24,24,24,21,21,10,21,21,22,21,22,22,22,22,24,24,25,26,77,24,25,15,22,22,37,26,100,100,100,100,100,100,100,100,85,85,590,85,85,85,119,119,29978,29979,29979,29980,29980,29981,29981,29982,29982,29983,29983,29984,29984,29985]} 1. e4 d5 2. exd5 Qxd5 3. Nc3 Qd8 4. d4 Nf6 5. Nf3 Bg4 6. h3 Bxf3 {B01: Scandinavian Defence} 7. Qxf3 c6 8. Be3 e6 {White is slightly better.} 9. g4 (9. O-O-O Bb4 10. Ne4 Nxe4 11. Qxe4 Qd5 12. Qxd5 cxd5 13. c4 dxc4 14. Bxc4 {1-0 (41) Dominguez Perez,L (2739)-Pichot,A (2552) chess.com INT 2018}) 9... Bb4 10. g5 $146 ({Predecessor:} 10. a3 Bxc3+ 11. bxc3 Qd5 12. Bg2 Nbd7 13. O-O Nb6 14. Qe2 {½-½ (65) Perske,T (2400)-Milanovic,D (2502) Neustadt an der Weinstrasse 2017}) 10... Qd5 11. Bg2 Qxf3 12. Bxf3 Nd5 13. Bd2 Nd7 14. Ke2 {And now Nxd5 would win.} Bd6 (14... Bxc3 $11 15. bxc3 O-O-O) 15. Nxd5 $14 exd5 16. Bg4 O-O-O 17. b3 Rhe8+ 18. Kd3 Kc7 19. Rae1 g6 20. Rxe8 Rxe8 21. c4 dxc4+ 22. bxc4 c5 (22... b6 $11) 23. Bxd7 Kxd7 {[%mdl 4096] Endgame KRB-KRB} 24. d5 Re5 25. f4 Rf5 26. Ke4 f6 27. gxf6 (27. h4 $16) 27... Rxf6 $11 28. Rb1 b6 29. a4 Bc7 30. Rb3 Rf5 31. Rf3 Rh5 32. Bc3 Bd8 33. Be5 Rh4 34. Ke3 Rh5 35. Kf2 Bh4+ 36. Kg2 Rf5 (36... Bd8 $11 {remains equal.}) 37. Re3 (37. a5 $16) 37... g5 38. Re4 gxf4 39. Bxf4 Bd8 40. Kg3 h5 {[#]} (40... Rf7 $11) 41. Re5 $1 $16 {[%cal Re5f5]} Rxe5 42. Bxe5 {KB-KB} h4+ 43. Kf4 a6 44. Kf5 Be7 45. Bf4 Bd8 $2 {[%mdl 8192] [#]} (45... Bd6 $16 46. Bxd6 Kxd6) 46. Bh2 $2 (46. d6 $1 $18 {Strongly threatening Ke5.} Kc6 47. Ke6) 46... Be7 47. Be5 Bd8 48. d6 Kc6 $2 {[%mdl 8192]} (48... b5 $16) 49. Ke6 {White mates.} b5 50. Bf6 Ba5 51. d7 b4 52. d8=Q Bxd8 53. Bxd8 b3 54. Bf6 Kb6 55. Bc3 {Accuracy: White = 53%, Black = 46%.} 1-0

[Event "2nd Thailand Pattaya Open 2019"]
[Site "Pattaya"]
[Date "2019.10.26"]
[Round "5.3"]
[White "Schebler, Gerhard"]
[Black "Kulpruethanon, Thanadon"]
[Result "*"]
[WhiteElo "2398"]
[BlackElo "2216"]
[Annotator "TA"]
[PlyCount "31"]
[EventDate "2019.10.23"]
[EventType "swiss"]
[EventCountry "THA"]
[SourceTitle "playchess.com"]
[Source "ChessBase"]
[SourceQuality "1"]

{[%evp 14,20,7,18,38,44,37,30,43]} 1. e4 c5 2. Nc3 g6 3. d4 cxd4 4. Qxd4 Nf6 5. Nf3 Nc6 6. Qa4 d6 7. e5 dxe5 8. Nxe5 {White wants to play Bc4.} Qd4 {B27: Sicilian: 2 Nf3, unusual Black 2nd moves} 9. Nxc6 Qxa4 10. Nxa4 {[#] Ne5 is the strong threat.} bxc6 {Predecessor:} 11. Be3 $146 e5 12. Be2 Nd5 13. Bf3 Bf5 14. c4 Nb4 15. O-O e4 16. Bd4 {1-0 (56) Amin,B (2654)-Savchenko,B (2602) Abu Dhabi 2016} *

[Event "2nd Thailand Pattaya Open 2019"]
[Site "Pattaya"]
[Date "2019.10.26"]
[Round "5.3"]
[White "Schebler, Gerhard"]
[Black "Kulpruethanon, Thanadon"]
[Result "1/2-1/2"]
[WhiteElo "2398"]
[BlackElo "2216"]
[Annotator "TA"]
[PlyCount "49"]
[EventDate "2019.10.23"]
[EventType "swiss"]
[EventCountry "THA"]
[SourceTitle "playchess.com"]
[Source "ChessBase"]
[SourceQuality "1"]

{[%evp 14,49,8,10,25,29,26,37,42,40,40,29,41,22,42,49,40,33,26,17,17,16,22,20,25,14,18,7,7,12,10,0,0,-21,-20,-41,-31,-44]} 1. e4 c5 2. Nc3 g6 3. d4 cxd4 4. Qxd4 Nf6 5. Nf3 Nc6 6. Qa4 d6 7. e5 dxe5 8. Nxe5 {Threatening Bc4.} Qd4 {B27: Sicilian: 2 Nf3, unusual Black 2nd moves} (8... Bd7 9. Nxd7 Qxd7 10. Be2 Bg7 11. O-O O-O 12. Rd1 Qf5 13. Bd3 Qh5 14. Qb5 Qxb5 15. Bxb5 Nb4 16. Ba4 {1-0 (60) Guseinov,G (2664)-Gordievsky,D (2614) St Petersburg 2018}) 9. Nxc6 Qxa4 10. Nxa4 {[#] And now Ne5 would win.} bxc6 {White is slightly better.} 11. Be3 Nd5 12. Bd4 f6 13. Bc4 $146 ({Predecessor:} 13. O-O-O e5 14. Bc5 Bh6+ 15. Kb1 Kf7 16. c4 {½-½ (66) Christiansen,J (2492)-Stokke,K (2336) Drammen 2018}) 13... Nf4 14. g3 e5 15. Bc5 Be6 16. Bxe6 Nxe6 17. Be3 h5 18. O-O-O Rh7 19. Rd3 Rd8 20. Rhd1 Rxd3 21. Rxd3 Rb7 22. c3 g5 23. b4 f5 24. Rd1 f4 25. Bd2 $1 {Accuracy: White = 44%, Black = 71%.} 1/2-1/2